Úvod do teorie pravděpodobnosti a matematické statistiky

Saved in:
Bibliographic Details
Main Author: Michálek, Jaroslav
Corporate Author: Univerzita J.E. Purkyně
Format: Book
Language:Czech
Published: Praha Státní pedagogické nakladatelství 1984
Tags: Add Tag
No Tags, Be the first to tag this record!

MARC

LEADER 00000nam a2200000 4500
001 c114025
005 20190509131805.2
041 0 |a cze 
044 |a CZ 
245 1 0 |a Úvod do teorie pravděpodobnosti a matematické statistiky  |c Jaroslav Michálek 
264 1 |a Praha  |b Státní pedagogické nakladatelství  |c 1984 
300 |a 204 s. 
100 1 |a Michálek, Jaroslav 
710 2 |a Univerzita J.E. Purkyně